| 000 | 00477nam a2200181Ia 4500 | ||
|---|---|---|---|
| 008 | 191130s2016##################000#0#eng## | ||
| 020 | _a9780415624091 | ||
| 040 |
_aACL _cACL |
||
| 082 | _a307.76 HUT | ||
| 100 | _aHutton, Thomas A | ||
| 245 |
_aCities and the cultural economy _cThomas A Hutton |
||
| 260 |
_aLondon _c2016 |
||
| 300 | _a380p | ||
| 650 | _aCities and towns - Growth | ||
| 990 | _adfd37fb6ac100b460e889dc53751ca54 | ||
| 991 | _a448553 | ||
| 999 |
_c129701 _d129701 |
||